Una conspiración mundial judío-masónica. Plan satánico para apoderarse de los gobiernos del mundo. Se acerca el reinado del anticristo
Gespeichert in:
| 1. Verfasser: | |
|---|---|
| Format: | Buch |
| Sprache: | Spanisch |
| Veröffentlicht: |
Santiago
Centro Editorial del A.P
1925
|
| Schlagworte: | |
| Tags: |
Tag hinzufügen
Keine Tags, Fügen Sie den ersten Tag hinzu!
|
MARC
| LEADER | 00000nam a2200000 a 4500 | ||
|---|---|---|---|
| 001 | UCI4869 | ||
| 003 | CL-VaPUC | ||
| 008 | 080307e19250000CL |||||||||||||||||spa|d | ||
| 082 | 0 | 4 | |a 239.2 |b PAZ |2 21 |
| 100 | |a Paz, Gabriel de la |e autor |9 526931 | ||
| 245 | 1 | 4 | |a Una conspiración mundial judío-masónica. Plan satánico para apoderarse de los gobiernos del mundo. Se acerca el reinado del anticristo |
| 300 | |a 83 p | ||
| 942 | |c BK | ||
| 945 | |d 20080307 00:00:00 |a rbrito | ||
| 260 | |a Santiago |b Centro Editorial del A.P |c 1925 | ||
| 500 | |a Donación padres capuchinos | ||
| 650 | 0 | |a Judaísmo |9 269348 | |
| 650 | 0 | |a Judíos |9 313771 | |
| 650 | 0 | |a Masones |9 526932 | |
| 650 | 7 | |a SIONISMO |2 CL-VaPUC |9 526933 | |
| 650 | 0 | |a Anticristo |9 317498 | |
| 583 | |a last modification |c 20080307 00:00:00 |k Rodrigo Vera | ||
| 999 | |c 328716 |d 328714 | ||
| 952 | |0 0 |1 0 |4 0 |6 239_200000000000000_PAZ_1925 |7 0 |8 X |9 412788 |a FDOBUD |b FDOBUD |d 2019-11-22 |i 4408098 |o 239.2 PAZ 1925 |p 4408098 |r 2019-11-22 |w 2019-11-22 |y BK_X |k BUD | ||